01323nam a2200373 u 450000100070000000500170000700800410002403500110006504000130007604100080008908200080009710000530010524500960015826000430025430000130029765000200031065000280033065000320035865000510039065000210044165000240046265000170048665000270050365000400053065000290057065000330059970000530063270000510068594200100073699900190074650200120076552600080077795201640078573110120260506092709.0020412s2001 ||||||m| spa  a731101 ccomduadb aspa 4a67610aSerna Restrepo, Cristina Paula4auteaut935753310aAnalisis de la factibilidad tecnica y economica de automatizar el reactor de neutralizacion aMedellín :b[sin publicador],c2001. a66 hojas aCelulosa934333 aCelulosa y papel936076 7aCalidad total2embne929803 aNorma Técnica Colombiana NTC ISO 9000961518 aReactores929718 aHemicelulosa973909 aSodio920790 aSoda cáustica998657 aNeutralización (Química)936735 aResinato de sodio998658 7aAutomatización2lemb9121710aRestrepo Velez, Carlos Gustavo4auteaut935753410aArbeláez, Francisco Javier4thseths9357535 cTESIS c230355d230355 b178c17 a180 001040708TESISBCaBCbBCd2002-04-12eMaterial adquirido por donacióniC729475l0o676.124 S486p61000003551195r2023-04-24 00:00:00t1w2023-04-24yTESIS